| 000 | 00326nam a22001337a 4500 | ||
|---|---|---|---|
| 020 | _a157231527-X | ||
| 040 | _cNust | ||
| 082 |
_a004.65 _bNET |
||
| 245 | _aNetworking essentials | ||
| 250 | _a2nd Edition | ||
| 260 |
_aWashington: _bMicrosoft Press, _c1997. |
||
| 650 |
_aNetworking essentials _9126362 |
||
| 942 |
_2ddc _cBK |
||
| 999 |
_c612064 _d612064 |
||